000 02132nam a22003857a 4500
003 OSt
005 20260416160759.0
008 260409t2008 xxu||||| |||| 00| 0 spa d
020 _a9780323039383
020 _a9788480863346
040 _aUnicoc
_bspa
_c00001
_d00001
082 _a617.96
100 _912881
_aBread, Lois L.
245 _aToma de decisiones en anestesiología
_c/ Lois L. Bready, Susan H. Noorily, Dawn Dillman
246 _aDecision Making in Anesthesiology
250 _a4 Ed.
260 _aEspaña :
_bElsevier ,
_c2008
300 _a598 páginas
_bIlustraciones, tablas, gráficas
500 _aIncluye Índice y Bibliografía
505 _t1. Fundamentos de Anestesia. -- Principios básicos de la toma de decisiones. –
_t2. Valoración preanestésica y manejo preoperatorio. -- Algoritmos para la evaluación, preparación del paciente y manejo de condiciones preexistentes. --
_t3. Técnicas anestésicas e intraoperatorio. -- Toma de decisiones durante la inducción, mantenimiento y emergencia de la anestesia. --
_t4. Resucitación y Urgencias: Algoritmos para parada cardíaca y arritmias. --
_t5. Casos especiales. -- Situaciones particulares en anestesia, incluyendo manejo de vías aéreas o pacientes críticos. --
_t6. Periodo postoperatorio. -- Cuidados y manejo en la unidad de recuperación.
526 _5Unicoc
546 _aEspañol
650 0 _97353
_aAnestesia general
650 0 _911543
_aDolor Orofacial
_xManejo farmacológico
658 0 _98315
_aPrograma de Odontología
658 0 _98071
_aEspecialización en Endodoncia
658 0 _911722
_aEspecialización en Ortodoncia y Ortopedia Maxilar
658 0 _98072
_aEspecialización en Periodoncia
658 0 _98074
_aEspecialización en Rehabilitación Oral
658 0 _98073
_aEspecialización en Prostodoncia
700 _912882
_aNoorily, Susan H.
700 _912883
_aDillman, Dawn
856 _yAcceso online exclusivo para comunidad Unicoc.
_uhttps://unicoceduco-my.sharepoint.com/:b:/g/personal/direccionbiblioteca_unicoc_edu_co/IQAQ5tiG8oNTTZpsW1l0NyMsAdQw4p3SZj1lKnVjnIdX0tw
942 _2ddc
_cEBOOK
999 _c10825
_d10825